|
|
|
|
| LEADER |
01829nam a2200445 a 4500 |
| 001 |
EBC3399348 |
| 003 |
MiAaPQ |
| 005 |
20200520144314.0 |
| 006 |
m o d | |
| 007 |
cr cn||||||||| |
| 008 |
130514s2006 fr a s 001 0 fre d |
| 020 |
|
|
|z 2759200051
|
| 020 |
|
|
|z 9782759200054
|
| 020 |
|
|
|z 9782759200962 (e-book)
|
| 035 |
|
|
|a (MiAaPQ)EBC3399348
|
| 035 |
|
|
|a (Au-PeEL)EBL3399348
|
| 035 |
|
|
|a (CaPaEBR)ebr10694268
|
| 035 |
|
|
|a (OCoLC)923347700
|
| 040 |
|
|
|a MiAaPQ
|c MiAaPQ
|d MiAaPQ
|
| 041 |
1 |
|
|a fre
|h eng
|
| 043 |
|
|
|a w------
|
| 050 |
|
4 |
|a SF724
|b .H86 2006
|
| 100 |
1 |
|
|a Hunter, Archie.
|
| 245 |
1 |
3 |
|a La sante animale
|h [electronic resource] .
|n Volume 2,
|p Principales maladies /
|c Archie Hunter ; avec la collaboration de Gerrit Uilenberg, Christian Meyer ; Traduit par Anya Cockle ; ont aussi collabore a cet ouvrage, Gilles Bourdoiseau ... [et al.].
|
| 260 |
|
|
|a Versailles :
|b Qu,
|c 2006.
|
| 300 |
|
|
|a 310 p. :
|b ill.
|
| 490 |
0 |
|
|a Agricultures tropicales en poche
|
| 500 |
|
|
|a Version originale publiee en anglais sous le titre Animal Health-Volume 2. Specific Diseases par Macmillan Education, division de Macmillan Publishers Limited (en cooperation avec le CTA) en 1994.
|
| 500 |
|
|
|a Includes index.
|
| 533 |
|
|
|a Electronic reproduction. Ann Arbor, MI : ProQuest, 2015. Available via World Wide Web. Access may be limited to ProQuest affiliated libraries.
|
| 650 |
|
0 |
|a Livestock
|x Diseases
|z Tropics.
|
| 650 |
|
0 |
|a Animal health
|z Tropics.
|
| 650 |
|
0 |
|a Veterinary tropical medicine.
|
| 655 |
|
4 |
|a Electronic books.
|
| 700 |
1 |
|
|a Uilenberg, Gerrit.
|
| 700 |
1 |
|
|a Meyer, Christian.
|
| 700 |
1 |
|
|a Cockle, Anya.
|
| 700 |
1 |
|
|a Bourdoiseau, Gilles.
|
| 710 |
2 |
|
|a ProQuest (Firm)
|
| 856 |
4 |
0 |
|u https://ebookcentral.proquest.com/lib/matrademy/detail.action?docID=3399348
|z Click to View
|